Catálogo público

Resultados de Zafra : (Record no. 201300)

MARC details
000 -CABECERA
campo de control de longitud fija 00911nam a2200253Ia 4500
001 - NÚMERO DE CONTROL
campo de control Para_2824
003 - IDENTIFICADOR DEL NÚMERO DE CONTROL
campo de control CHAP
008 - DATOS DE LONGITUD FIJA--INFORMACIÓN GENERAL
campo de control de longitud fija 220125s1972 xx 000 0 und d
010 ## - NÚMERO DE CONTROL DE LA BIBLIOTECA DEL CONGRESO
Número de control de LC 201300
040 ## - FUENTE DE LA CATALOGACIÓN
Centro/agencia transcriptor CHAP
082 ## - NÚMERO DE LA CLASIFICACIÓN DECIMAL DEWEY
Número de clasificación PA 338.17361 M49 1971-72
110 ## - ENTRADA PRINCIPAL--NOMBRE DE ENTIDAD CORPORATIVA
Nombre de entidad corporativa o nombre de jurisdicción como elemento de entrada México. Dirección General de la Caña de Azúcar
9 (RLIN) 77003
245 ## - MENCIÓN DE TÍTULO
Título Resultados de Zafra :
Resto del título 1971-1972 /
Mención de responsabilidad, etc. por Dirección General de la Caña de Azúcar
260 ## - PUBLICACIÓN, DISTRIBUCIÓN, ETC.
Lugar de publicación, distribución, etc. México, D. F. :
Nombre del editor, distribuidor, etc. La Dirección
300 ## - DESCRIPCIÓN FÍSICA
Extensión 538 p.
650 ## - PUNTO DE ACCESO ADICIONAL DE MATERIA--TÉRMINO DE MATERIA
Término de materia o nombre geográfico como elemento de entrada Industria azucarera
Subdivisión general México Azúcar
-- Aspectos económicos
-- México Azúcar
-- México
-- Estadísticas Caña de azúcar
-- Rendimiento Caña de azúcar
-- Costos de producción
9 (RLIN) 166198
901 ## - ELEMENTOS DE DATOS A LOCAL LDA (RLIN)
a PA 338.17361 M49 1971-72
902 ## - ELEMENTOS DE DATOS B LOCAL, LDB (RLIN)
a A
905 ## - ELEMENTOS DE DATOS E LOCAL, LDE (RLIN)
a 0000001972 mx a 0000000000 00
910 ## - DATOS DE OPCIÓN DEL USUARIO (OCLC)
Datos de opción del usuario 1972
942 ## - ELEMENTOS DE PUNTO DE ACCESO ADICIONAL (KOHA)
Tipo de ítem Koha Parasitologia_
942 ## - ELEMENTOS DE PUNTO DE ACCESO ADICIONAL (KOHA)
Tipo de ítem Koha Parasitologia_
-- 1
Holdings
Estado de retiro Estado de pérdida Fuente del sistema de clasificación o colocación Estado dañado Restricciones de uso No para préstamo Código de colección Localización permanente Ubicación/localización actual Fecha de adquisición Información codificada de la localización en otra ubicación Número de inventario Total de préstamos Signatura topográfica completa Código de barras Fecha visto por última vez Número de copia Precio válido a partir de Tipo de ítem Koha Nota pública
    Dewey Decimal Classification   Préstamo interno   General Parasitologia Agricola Parasitologia Agricola 27/10/2005 PARA (PA_391) (No. UACh C/E)   PA 338.17361 M49 1971-72 4102000068 25/01/2022 Ej.1 25/01/2022 Libro 3